KOHA-Header-6

Interpersonal Skils in Organisations (Record no. 1226)

000 -LEADER
fixed length control field 00306nam a2200121Ia 4500
008 - FIXED-LENGTH DATA ELEMENTS--GENERAL INFORMATION
fixed length control field 190723s9999 xx 000 0 und d
020 ## - INTERNATIONAL STANDARD BOOK NUMBER
International Standard Book Number 13:978-00741558-1
100 ## - MAIN ENTRY--PERSONAL NAME
Personal name De Janasz
245 #0 - TITLE STATEMENT
Title Interpersonal Skils in Organisations
260 ## - PUBLICATION, DISTRIBUTION, ETC. (IMPRINT)
Place of publication, distribution, etc New York
Name of publisher, distributor, etc McGraw Hill
Date of publication, distribution, etc 2011
300 ## - PHYSICAL DESCRIPTION
Extent 499
942 ## - ADDED ENTRY ELEMENTS (KOHA)
Koha item type Books
Holdings
Withdrawn status Lost status Damaged status Not for loan Collection code Permanent Location Current Location Shelving location Date acquired Total Checkouts Total Renewals Full call number Barcode Date last seen Date checked out Price effective from Koha item type
        Management MAJU MAJU   2019-07-23 2 1 158.7 7851 2022-08-10 2022-07-27 2019-07-23 Management

Powered by Koha